000 01302nam a2200253Ia 4500
003 Ost
005 20260507075230.0
008 260507s9999||||xx |||||||||||||| ||und||
020 _a8601199579
040 _cfsecg
041 _aara
082 _a330
100 _aعبيدات، محمد ابراهيم
_eمؤلف
245 0 _aسياسات التسعير الحديثة :
_bمدخل تسويقي /
_c محمد ابراهيم عبيدات
260 _aعمان:
_bدار وائل,
_c2009
300 _a231 صفحة؛
_c24 سم
504 _aمراجع ص.213
520 _aمقدمة في التسعير ، تأثير البيئة الاقتصادية في عملية التسعير ، التسعير حسب الدورة الاقتصادية و دورة حياة التسعير ، تسير سلع المستهلك النهائي و الصناعي و الخدمات ، التسعير الدولي ، دور الدراسات و البحوث في عملية التسعير ، التسعير بين المفهومين الإسلامي و الرأسمالي ، حالات في عملية التسعير.
653 _aأدارة المبيعات
653 _aالأسعار
653 _aالتسويق
700 _a زامل، احمد محمود
_eمؤلف ثانوي
942 _cكتاب
999 _c43560
_d43560